Le Corbusier virágcsokra

Elmentve itt :
Bibliográfiai részletek
Szerző: Váraljai Anna
Dokumentumtípus: Cikk
Megjelent: 2023
Sorozat:ARTMAGAZIN / ARTMAGAZIN ONLINE 141 No. 2
Tárgyszavak:
mtmt:33766351
Online Access:http://publicatio.bibl.u-szeged.hu/34263
LEADER 00668nab a2200193 i 4500
001 publ34263
005 20240724084759.0
008 240724s2023 hu o 000 hun d
022 |a 1785-3060 
024 7 |a 33766351  |2 mtmt 
040 |a SZTE Publicatio Repozitórium  |b hun 
041 |a hun 
100 1 |a Váraljai Anna 
245 1 3 |a Le Corbusier virágcsokra  |h [elektronikus dokumentum] /  |c  Váraljai Anna 
260 |c 2023 
300 |a 6-13 
490 0 |a ARTMAGAZIN / ARTMAGAZIN ONLINE  |v 141 No. 2 
650 4 |a Művészetek (művészetek, művészettörténet, előadóművészetek, zene) 
856 4 0 |u http://publicatio.bibl.u-szeged.hu/34263/6/art_006-013.pdf  |z Dokumentum-elérés